Statistiques concernant Nommées au César de la meilleure actrice

Cliquez ici pour prendre le quiz!

Statistiques générales

  • Ce quiz a été pris 960 fois
  • Le résultat moyen est 45 sur 70

Statistiques - réponses

AnnéeActrice% Correct
1976Catherine Deneuve
96%
1976Isabelle Adjani
91%
1978Isabelle Huppert
88%
1990Josiane Balasko
85%
2008Marion Cotillard
85%
1976Romy Schneider
81%
1978Simone Signoret
80%
1986Juliette Binoche
78%
1977Miou Miou
78%
1990Emmanuelle Béart
77%
1982Fanny Ardant
77%
1988Jeanne Moreau
77%
1981Nathalie Baye
77%
2005Yolande Moreau
77%
1988Anémone
76%
1977Annie Girardot
75%
2002Audrey Tautou
75%
1990Carole Bouquet
75%
1989Charlotte Gainsbourg
74%
2000Karin Viard
74%
1986Sandrine Bonnaire
73%
1998Sandrine Kiberlain
73%
2006Valérie Lemercier
73%
2000Catherine Frot
72%
2013Léa Seydoux
70%
2000Vanessa Paradis
70%
1985Sabine Azema
69%
2014Emmanuelle Seigner
68%
2008Marina Foïs
68%
2007Cécile de France
66%
2002Emmanuelle Devos
66%
2012Bérénice Béjo
65%
1986Charlotte Rampling
65%
2001Dominique Blanc
64%
1985Jane Birkin
64%
2009Kristin Scott Thomas
63%
2004Sylvie Testud
63%
2003Isabelle Carré
62%
1998Marie Gillain
62%
1997Marie Trintignant
62%
2001Muriel Robin
62%
1987Béatrice Dalle
61%
2013Emmanuelle Riva
61%
2011Sara Forestier
61%
1992Irène Jacob
60%
1981Nicole Garcia
59%
1991Anne Parillaud
58%
1998Ariane Ascaride
58%
2012Leïla Bekhti
58%
1985Valérie Kaprisky
57%
1978Brigitte Fossey
56%
1999Elodie Bouchez
56%
2007Marina Hands
55%
1991Anne Brochet
53%
1979Anouk Aimée
53%
1993Caroline Cellier
53%
2013Hélène Vincent
53%
1976Delphine Seyrig
52%
1992Anouk Grinberg
49%
1980Nastassja Kinski
49%
1991Tsilla Chelton
48%
2006Anne Consigny
46%
2013Noémie Lvovsky
46%
1985Pascale Ogier
44%
2012Valérie Donzelli
44%
2013Corinne Masiero
43%
2005Maggie Cheung
41%
2009Tilda Swinton
41%
1985Julia Migenes
40%
1980Dominique Laffin
39%

Distribution des résultats

Percentile par nombre de réponses

% des personnes avec chaque résultat

Votre développement - résultats

Vous n’avez pas pris ce quiz